| 000 | 00514nam a22001817a 4500 | ||
|---|---|---|---|
| 003 | NUST - PNEC | ||
| 005 | 20170116181009.0 | ||
| 008 | 150913b xxu||||| |||| 00| 0 eng d | ||
| 020 | _a0023644400 | ||
| 040 | _cLIBRARY | ||
| 082 | _a620.004202855369 KIR | ||
| 100 |
_910016 _aKirkpatrick, James M. |
||
| 245 |
_aThe AutoCAD book : drawing, modeling, and applications including release 12 _cJames M. Kirkpatrick |
||
| 250 | _a3rd ed. | ||
| 260 | _cc.1993 | ||
| 650 |
_910015 _aAutoCAD _xMIS |
||
| 942 |
_2ddc _cBK |
||
| 999 |
_c67005 _d67005 |
||